000
00260nam a2200097Ia 4500
001
767352
005
20250826165358.0
008
250824s9999 xx 000 0 und d
245
0
_a
SEVGİ ÇİÇEĞİM KİTAP KUŞUM
_c
DURAN ÇETİN
260
_b
KAYALIPARK YAYINLARI
999
_c
767352
_d
767352